Indochine - paroles, L'amour fou - Statistiques

Statistiques générales
  • Ce quiz a été pris 33 fois
  • Le résultat moyen est 144 sur 171
Statistiques - réponses
Réponse % Correct
de
100%
se
100%
à
95%
ça
95%
je
95%
Je
95%
la
95%
95%
La
95%
Moi
95%
tapis
95%
ton
95%
tu
95%
Tu
95%
un
95%
volant
95%
bois
90%
cauchemars
90%
ce
90%
C'est
90%
c'est
90%
cheval
90%
le
90%
Quand
90%
sur
90%
te
90%
dans
85%
Et
85%
me
85%
nuit
85%
pas
85%
pense
85%
serai
85%
soir
85%
tes
85%
toi
85%
verras
85%
vie
85%
ici
80%
ne
80%
que
80%
suis
80%
t'endors
80%
tout
80%
Tout
80%
vois
80%
bien
75%
Cache
75%
lit
75%
raté
75%
auras
70%
avec
70%
comme
70%
fait
70%
les
70%
peur
70%
pour
70%
va
70%
aller
65%
chiens
65%
draps
65%
entendras
65%
j'ai
65%
n'ai
65%
passer
65%
seras
65%
sous
65%
donnerais
60%
On
60%
s'envolera
60%
Alors
55%
bas
55%
fermeras
55%
m'attendras
55%
retrouver
55%
yeux
55%
J'irai
50%
m'appelleras
50%
t'inquiètes
50%
Aucun quiz correspondant
Distribution des résultats
% des personnes avec chaque résultat
Percentile par nombre de réponses
Votre historique - résultats
Vous n’avez pas pris ce quiz